Statistics for Most expensive dog breeds

Click here to take the quiz!

General Stats

  • This quiz has been taken 10 times
  • The average score is 2 of 20

Answer Stats

PriceAnswer% Correct
$11,000Chow Chow
44%
$6,000French bulldog
44%
$7,000Afghan hound
33%
$1,500Saint bernard
33%
$10,000Tibetan mastiff
33%
$6,500Akita
11%
$4,300English dog
11%
$3,000Irish wolfhound
11%
$5,500Saluki
11%
$9,500Azawakh
0%
$4,000Bedlington terrior
0%
$3,500Black russian terrior
0%
$8,750Canadian eskimo dog
0%
$8,000Dogo argentino
0%
$2,000Lakeland terrior
0%
$12,000Lowchen
0%
$7,500Pharoah hound
0%
$5,000Portuguese water dog
0%
$9,000Rottweilers
0%
$14,000Samoyed
0%

Score Distribution

Percentile by Number Answered

Percent of People with Each Score

Your Score History

You have not taken this quiz